00328nam a22000977a 4500082002200000245009600022260003900118300002800157526003700185650000800222 a338.47624bAMEcD aThe civil engineers role in productivity in the construction industrycPak Book Corporation aLahorebPak book Corporationc1977 a93 p. :bill, :c20 cm. a0b0c0d338_476240000000000_AME aMCE